Statistics for Countries In COD BO II Main Campaign

Click here to take the quiz!

General Stats

  • This quiz has been taken 8 times
  • The average score is 7 of 10

Answer Stats

HintAnswer% Correct
Judgement DayHaiti
100%
Suffer With MePanama
100%
Pyrrhic VictoryAngola
75%
Time and FateNicaragua
75%
Cordis DieUnited States
75%
KarmaCayman Islands
50%
CeleriumMyanmar
50%
Fallen AngelPakistan
50%
Achilles' VeilYemen
50%
Old WoundsAfganistan
25%

Score Distribution

Percentile by Number Answered

Percent of People with Each Score

Your Score History

You have not taken this quiz